000 00869nam a2200217Ii 4500
003 JO-AjNU
008 230605s9999||||xx |||||||||||||| ||und||
017 _a2011/9/3647
040 _aJO-AjNU
_bara
_erda
_cJO-AjNU
041 _aara
050 1 4 _aKRM4180.2011
100 3 _a الجبور ، محمد عودة ,
_eauthor
_932931
245 0 0 _aالوسيط في قانون العقوبات : القسم العام ( وفق آخر التعديلات التي طرأت على قانون العقوبات بالقانون المعدل رقم (8) لسنة 2011)
250 _aط1
264 3 1 _aعمان : محمد عودة الجبور ، 2011
300 _a785ص
336 _atext
_btxt
_2rdacontent
337 _aunmediated
_bn
_2rdamedia
338 _avolume
_bnc
_2rdacarrier
650 4 _aالقانون الجنائي -- العقوبات -- الأردن
_932932
999 _aA13351
_c16919
_d16919